<?xml version="1.0" encoding="UTF-8"?>
<marc:record xmlns:marc="http://www.loc.gov/MARC21/slim">
   <marc:leader>00000nam a2200000 a 4500</marc:leader>
   <marc:datafield ind1="1" ind2=" " tag="100">
      <marc:subfield code="a">Lagercrantz, Rose</marc:subfield>
      <marc:subfield code="4">aut</marc:subfield>
      <marc:subfield code="e">Verfasser/-in</marc:subfield>
   </marc:datafield>
   <marc:datafield ind1="1" ind2=" " tag="100">
      <marc:subfield code="a">Eriksson, Eva</marc:subfield>
      <marc:subfield code="4">aut</marc:subfield>
      <marc:subfield code="e">Verfasser/-in</marc:subfield>
   </marc:datafield>
   <marc:datafield ind1="0" ind2="0" tag="245">
      <marc:subfield code="a">Metteborgs Flohmarkt</marc:subfield>
   </marc:datafield>
   <marc:datafield ind1="0" ind2="0" tag="245">
      <marc:subfield code="c">Rose Lagercrantz ; Eva Eriksson. Aus dem Schwed. von Angelika Kutsch</marc:subfield>
   </marc:datafield>
   <marc:datafield ind1=" " ind2="1" tag="264">
      <marc:subfield code="a">Weinheim</marc:subfield>
      <marc:subfield code="b">Belzt &amp; Gelberg</marc:subfield>
      <marc:subfield code="c">2014</marc:subfield>
   </marc:datafield>
   <marc:datafield ind1=" " ind2=" " tag="250">
      <marc:subfield code="a">1</marc:subfield>
   </marc:datafield>
   <marc:datafield ind1="1" ind2=" " tag="520">
      <marc:subfield code="a">Der alte Herr nahm die Vase, drehte sie um und las, was auf dem Boden stand. »Donnerwetter«, sagte er. »Was soll sie kosten?« Knubbel dachte kurz nach. »Vier Euro!«, sagte er schnell. Metteborg möchte seiner Großmutter etwas zu Weihnachten schenken. Aber er hat kein Geld. Warum nicht einen Flohmarkt machen? Zu Hause liegen doch so viele alte und hässliche Sachen im Schrank. Findet Metteborg. Die Erwachsenen sehen das jedoch ganz anders &#x96; aber da sind die Sachen leider schon weg</marc:subfield>
   </marc:datafield>
   <marc:datafield ind1=" " ind2=" " tag="020">
      <marc:subfield code="a">9783407761385</marc:subfield>
      <marc:subfield code="9">9783407761385</marc:subfield>
   </marc:datafield>
   <marc:datafield ind1=" " ind2=" " tag="020">
      <marc:subfield code="a">3407761384</marc:subfield>
      <marc:subfield code="9">3407761384</marc:subfield>
   </marc:datafield>
   <marc:datafield ind1=" " ind2=" " tag="300">
      <marc:subfield code="a">o. S. : III.</marc:subfield>
   </marc:datafield>
</marc:record>
